|
|
|
|
| LEADER |
01177nam a2200253 a 4500 |
| 001 |
GR-MES341 |
| 008 |
991111s gr 000 0 gre d |
| 040 |
|
|
|a GrPaTEI
|b gre
|c GR-PaULI
|
| 100 |
1 |
|
|a Βέργος, Θεοδόσης
|
| 245 |
1 |
0 |
|a Ιχθυοτροφική αξιοποίηση της λίμνης Βεγορίτιδας με το σύστημα των ιχθυοκλώβων /
|c Βέργος Θεοδόσης.
|
| 260 |
|
|
|a Μεσολόγγι :
|b ΤΕΙ Μεσολογγίου,
|c 1988
|
| 300 |
|
|
|a 43 Σελ. ;
|c εικ.:
|
| 500 |
|
|
|a περιέχει παράρτημα
|
| 500 |
|
|
|a ΠΤΥΧΙΑΚΗ ΕΡΓΑΣΙΑ
|
| 650 |
|
4 |
|a Λίμνη Βεγορίτιδα
|
| 650 |
|
4 |
|a Πτυχιακή Εργασία
|
| 650 |
|
4 |
|a Σολωμός-Καλλιέργεια
|
| 653 |
|
|
|a Πέστροφα - Καλλιέργεια
|
| 700 |
1 |
|
|a Τσιαμπάος, Παναγιώτης
|
| 710 |
2 |
|
|a Ιχθυοκομίας-Αλιείας
|
| 942 |
|
|
|2 ddc
|
| 952 |
|
|
|0 0
|1 0
|2 ddc
|4 0
|7 0
|9 263549
|a MSLG
|b MSLG
|c BSC
|d 2021-01-17
|e 24
|f 0
|g 0.00
|l 0
|p 2420000000167
|r 2021-01-17 00:00:00
|t 1
|w 2021-01-17
|y BK15
|x 19991111 0 1
|x GrPaTEI
|
| 971 |
|
|
|a .b25713826
|b 16-04-20
|c 13-09-16
|
| 999 |
|
|
|c 151725
|d 151725
|